| 000 | 00354nam a2200133Ia 4500 | ||
|---|---|---|---|
| 008 | 240624s9999 xx 000 0 und d | ||
| 041 | _aeng | ||
| 082 | _a362.5 KOT | ||
| 100 | _aKOTLER PHILIP | ||
| 245 | _aUP AND OUT OF POVERTY THE SOCIAL MARKETI | ||
| 260 |
_c2009 _aNew Jersey _bWharton School |
||
| 300 | _axxv, : 341 : p. : cm. ; 23 | ||
| 365 |
_c _b30 |
||
| 999 |
_c14517 _d14517 |
||